[Event "Match Wenzhou CHN"]
[Site "?"]
[Date "2016.07.19"]
[Round "1"]
[White "Ding, Liren"]
[Black "Grischuk, Alexander"]
[Result "0-1"]
[WhiteElo "2778"]
[BlackElo "2747"]
[PlyCount "182"]
[EventDate "2016.??.??"]

1. d4 Nf6 2. c4 g6 3. f3 c5 4. d5 d6 5. e4 Bg7 6. Ne2 (6. Nc3 O-O 7. Bg5 e6 8.
Qd2 h6 9. Bxh6 Nxe4 10. Nxe4 Qh4+ 11. g3 Qxh6 12. Qxh6 Bxh6 13. Nxd6 Na6 14.
Nxc8 Raxc8 15. dxe6 Rfe8 16. f4 Rxe6+ {0-1 (41) Ponomariov,R (2714)-Grischuk,A
(2810)}) 6... e6 7. Nbc3 exd5 8. cxd5 O-O 9. Ng3 a6 10. a4 Ne8 (10... Nbd7 11.
Be2 Ne8 12. O-O Rb8 13. Be3 Nc7 14. f4 b5 15. e5 bxa4 16. Nge4 dxe5 17. f5 gxf5
18. Rxf5 {1/2-1/2 (40) Vachier Lagrave,M (2758)-Radjabov,T (2738) Skopje MKD
2015}) (10... h5 11. Be2 (11. Bg5 Qc7 12. Be2 Nh7 13. Be3 h4 14. Nf1 f5 15.
exf5 gxf5 16. f4 Nf6 17. Bf2 Re8 18. Bxh4 Ne4 19. Ra3 Qa5 {1/2-1/2 (19)
Aronian,L (2770)-Ding Liren (2755) Tsaghkadzor ARM 2015}) 11... Nbd7 12. O-O h4
13. Nh1 Nh5 14. Be3 f5 15. f4 {1/2-1/2 (51) Vachier Lagrave,M (2731)-Nakamura,
H (2814) Saint Louis USA 2015}) 11. Be2 (11. Bd3 Nd7 12. O-O Ne5 13. Be2 h5 14.
Be3 h4 15. Nh1 f5 16. Qd2 Nf6 17. Nf2 h3 18. Nxh3 fxe4 19. f4 {0-1 (48) Bacrot,
E (2739)-Anton Guijarro,D (2559) Yerevan 2014}) 11... h5 12. Be3 h4 13. Nf1 f5
14. exf5 gxf5 15. Qd2 Nd7 16. Bg5 Bf6 17. Bxf6 Qxf6 18. f4 Ng7 19. Ne3 Re8 20.
Rf1 Rb8 21. Rf3 Qg6 22. Rh3 Nf6 23. Rxh4 Bd7 24. Kf2 b5 (24... Ne4+ 25. Nxe4
Rxe4 $13) 25. axb5 axb5 26. Kg1 Re7 (26... b4 $5 27. Ncd1 Ne4) 27. Rh3 Ng4 28.
Ra7 b4 29. Ncd1 Rbe8 30. Rf3 Nh5 31. Rxd7 Rxd7 32. Bb5 Rde7 33. Bxe8 Rxe8 34.
h3 Ngf6 35. Nf2 Ng3 36. Qd1 Kh8 37. Kh2 Rg8 38. b3 Nge4 39. Qe1 Nxd5 40. g4
Nxe3 41. Rxe3 d5 42. Nd3 fxg4 43. hxg4 Qxg4 44. Rh3+ Kg7 45. Rh4 Qxh4+ 46. Qxh4
Rh8 47. Qxh8+ Kxh8 48. Kh3 Kg7 49. Kg4 Kf6 50. f5 Ke7 51. Kh5 $1 Kf7 52. Kg4
Nf6+ 53. Kg5 Nd7 54. f6 $6 (54. Nf4 c4 55. bxc4 dxc4 56. Nd5 b3 57. Kf4 b2 58.
Nc3 Nc5 59. Ke3 Kf6 60. Kd4 Kxf5 61. Kxc4 $11) 54... Ke6 55. Kg6 c4 56. bxc4
dxc4 57. Nxb4 Nxf6 58. Kg5 Nd5 59. Nc6 $2 (59. Na2 Ke5 60. Kg4 Ke4 61. Kg5 Ne3
62. Kf6 Kd5 63. Nc3+ Kd4 64. Na2 $13) 59... c3 60. Kg4 Kd6 61. Na5 Kc5 62. Kf3
Kb5 63. Nb3 Kc4 64. Nc1 c2 65. Ke4 Nb4 66. Ne2 Nc6 67. Ke3 Kb3 68. Nc1+ Kc3 69.
Ne2+ Kb2 70. Kd3 Nb4+ 71. Kd4 Na2 72. Nf4 Kb1 73. Ne2 Nc1 74. Nc3+ Ka1 75. Kc4
Na2 76. Ne2 Kb2 77. Kd4 Nc1 78. Nf4 Nb3+ 79. Kd5 Kc3 80. Ke4 Nc5+ 81. Kf3 Kd2
82. Ne2 Ne6 83. Kf2 Kd3 84. Nc1+ Kc3 85. Ke3 Kb2 86. Ne2 Nc7 87. Ke4 Nb5 88.
Nf4 Ka1 89. Nd3 Kb1 90. Ke3 Nc3 91. Kd2 Ne4+ (91... Ne4+ 92. Ke3 Nc5 $1 $19 93.
Nxc5 c1=Q+) 0-1

[Event "Match Wenzhou CHN"]
[Site "Wenzhou"]
[Date "2016.07.20"]
[Round "2"]
[White "Grischuk, Alexander"]
[Black "Ding, Liren"]
[Result "1/2-1/2"]
[WhiteElo "2747"]
[BlackElo "2783"]
[PlyCount "121"]
[EventDate "2016.??.??"]
[EventCountry "CHN"]
[SourceTitle "playchess.com"]
[Source "ChessBase"]

1. c4 c6 2. d4 d5 3. Nf3 Nf6 4. e3 e6 5. Bd3 Nbd7 6. b3 Bd6 7. Bb2 b6 8. O-O
O-O 9. Nbd2 Bb7 10. Qe2 (10. Ne5 c5 11. cxd5 (11. Nxd7 Nxd7 12. cxd5 Bxd5 13.
Qe2 cxd4 14. Bxd4 Nc5 15. Bc2 Rc8 16. Rfd1 Qh4 17. h3 Rfd8 18. Rac1 e5 19. Bb2
e4 20. Nc4 Bb8 21. Rd2 Be6 22. Rcd1 Rxd2 23. Rxd2 Qg5 24. Kh1 Qh4 25. Kg1 Qg5
26. Kh1 Qh4 27. Kg1 Qg5 28. Kh1 Qh4 {1/2-1/2 (28) Dominguez Perez,L (2732)
-Ding Liren (2766) Huai'an CHN 2016}) 11... Bxd5 12. Ndc4 Be7 13. Rc1 cxd4 14.
Bxd4 Rc8 15. Qe2 Nc5 16. Bb1 b5 17. Nd2 a6 18. Rfd1 Ncd7 19. Rxc8 Qxc8 20. Nxd7
Nxd7 {1/2-1/2 (41) So,W (2773)-Ding Liren (2766) Wijk aan Zee NED 2016}) 10...
c5 11. Rad1 (11. cxd5 exd5 12. Ba6 Bxa6 13. Qxa6 Qe7 14. Rfd1 Rfd8 15. Rac1 Qe6
16. Nf1 Ne4 17. N3d2 Ndf6 18. Nxe4 Nxe4 19. Rc2 Rac8 20. Rdc1 h5 21. Qe2 h4 22.
dxc5 Rxc5 23. h3 Rdc8 24. Bd4 Rxc2 25. Rxc2 Rxc2 26. Qxc2 Be5 27. Bxe5 Qxe5 28.
Qc8+ Kh7 29. Qg4 Qf6 30. f3 Nc3 31. a4 d4 32. Kf2 Nd1+ 33. Ke2 Nxe3 {1/2-1/2 
(33) Giri,A (2798)-Ding Liren (2766) Wijk aan Zee NED 2016}) 11... cxd4 (11...
Qb8 12. cxd5 Nxd5 13. Ne4 Be7 14. dxc5 bxc5 15. Bb5 Rd8 16. Rd2 a6 17. Bd3 Bc6
18. Nc3 Nxc3 19. Bxc3 a5 20. Rb1 Bf6 21. Rc2 a4 22. Bxf6 gxf6 23. Rc3 axb3 24.
axb3 f5 25. e4 f4 26. b4 Qd6 27. b5 Bb7 28. Bc2 Ne5 29. g3 fxg3 30. hxg3 Nxf3+
31. Qxf3 Qe5 32. b6 Rd4 33. Qe3 c4 34. Kh2 {1/2-1/2 (34) Arutinian,D (2562)
-Michiels,B (2489) Pardubice 2011}) 12. Nxd4 Nc5 13. Bb1 Re8 14. cxd5 exd5 15.
Nf5 Ba6 16. Nc4 Be5 17. Bxe5 Rxe5 18. Qb2 Re6 19. Rfe1 Qf8 20. Ne5 g6 21. Ng3
Nce4 22. Nxe4 dxe4 23. Nd7 Nxd7 24. Rxd7 Bb5 25. Rd4 Bc6 26. Red1 Qg7 27. Qd2
Qe5 28. h3 Kg7 29. b4 a5 $5 30. Bc2 axb4 31. Bb3 Rf6 32. Qxb4 Qa5 33. Qe7 Qa7
34. Qe5 Re8 35. Qg3 Qe7 36. Rd6 Rc8 37. Rxf6 Qxf6 38. Rd6 Qe7 39. h4 b5 $6 40.
h5 Be8 41. h6+ Kf8 42. Rd1 Rc5 43. Qb8 Qc7 44. Qa8 Rh5 45. Rd8 Qh2+ 46. Kf1 Qe5
47. g3 Rxh6 48. Kg2 g5 49. Qc8 Qe7 $2 (49... Rf6 $5) 50. a4 Rc6 $2 51. Qxc6 $2
(51. Qb8 $1 Rc5 52. a5 $18 Rc6 53. Bd5 Rh6) 51... Qxd8 52. Qh6+ Kg8 53. a5 Qxa5
54. Qxg5+ Kf8 55. Qc5+ Kg8 56. Qg5+ Kf8 57. Qc5+ Kg8 58. Qe7 Qa8 59. Qg5+ Kf8
60. Qc5+ Kg8 61. Qg5+ 1/2-1/2

[Event "Match Wenzhou CHN"]
[Site "Wenzhou"]
[Date "2016.07.21"]
[Round "3"]
[White "Ding, Liren"]
[Black "Grischuk, Alexander"]
[Result "1/2-1/2"]
[WhiteElo "2783"]
[BlackElo "2747"]
[PlyCount "111"]
[EventDate "2016.??.??"]
[EventCountry "CHN"]
[SourceTitle "playchess.com"]
[Source "ChessBase"]

1. d4 Nf6 2. c4 g6 3. g3 Bg7 4. Bg2 O-O (4... c5 5. d5 d6 6. Nc3 O-O 7. Nf3 e6
8. O-O exd5 9. cxd5 Re8 10. Re1 a6 11. a4 Nbd7 12. e4 Ng4 {1/2-1/2 (34) Ding
Liren (2755)-Grischuk,A (2794) Tsaghkadzor ARM 2015}) 5. Nc3 d6 6. Nf3 Nc6 (
6... Nbd7 7. O-O e5 8. e4 exd4 9. Nxd4 Re8 10. h3 Nc5 11. Re1 Bd7 12. Kh2 h6
13. Nb3 Na4 14. Nxa4 Bxa4 {1/2-1/2 (68) Gelfand,B (2734)-Grischuk,A (2747)
Almaty KAZ 2016}) 7. O-O e5 8. d5 Nb8 9. e4 (9. c5 Na6 10. cxd6 cxd6 11. e4 b5
12. a3 Nc5 13. Re1 a5 14. Bg5 Bd7 15. b4 axb4 16. axb4 Rxa1 17. Qxa1 Na4 18.
Bf1 Qb8 19. Nxa4 bxa4 20. b5 Qa7 21. Bxf6 Bxf6 22. Qa3 Bd8 23. Qxd6 {1-0 (34)
Caruana,F (2795)-Vachier Lagrave,M (2788) chess.com INT 2016}) 9... a5 10. Rb1
(10. Ne1 Na6 11. Nd3 Nd7 12. f4 (12. Be3 f5 13. exf5 gxf5 14. f4 e4 15. Nf2 Nb6
16. Bd4 Nc5 17. Bxg7 Kxg7 {1-0 (74) Melkumyan,H (2622)-Onischuk,V (2612)
Berlin GER 2015}) 12... exf4 13. gxf4 Ndc5 14. Nxc5 Nxc5 15. Be3 b6 16. Bd4 Bh6
17. Qf3 Bd7 18. Rae1 Qe7 19. f5 Qh4 20. Bf2 Qg5 21. f6 Rae8 22. h3 Qd2 23. Be3
Bxe3+ 24. Rxe3 h5 {0-1 (51) Aronian,L (2815)-Onischuk,V (2594) Dubai UAE 2014})
10... Na6 11. Re1 (11. Ne1 Nd7 12. a3 Nb6 13. b3 Bd7 14. Qe2 Nc5 15. b4 Nca4
16. Nxa4 Nxa4 17. Qc2 axb4 18. axb4 f5 19. Nd3 g5 20. Ra1 f4 21. f3 b5 22. Nb2
Nxb2 23. Bxb2 bxc4 24. Qxc4 {1/2-1/2 (47) Moroni,L (2438)-Onischuk,V (2628)
Gjakova KOS 2016}) 11... Nc5 12. b3 Bd7 13. a3 a4 14. b4 Nb3 15. Bb2 Bh6 16.
Na2 Nh5 17. Nc1 f5 18. Nxb3 axb3 19. Bc1 f4 20. c5 Qf6 21. c6 bxc6 22. dxc6
Bxc6 23. Rxb3 Ba4 24. Qd5+ Kh8 25. Rc3 c6 26. Qd2 Rad8 27. Bb2 Qe6 $2 28. Rd3
$6 (28. g4 $1 Qxg4 (28... Nf6 $6 29. g5 $18) 29. Rd3) 28... Bb5 29. Bxe5+ Kg8
30. Rxd6 fxg3 31. Bh3 {[%csl Rd2,Rd8,Rf3][%cal Gg2h3,Yh3e6,Yh6d2,Yd6d8]} Qf7
32. Qc3 Rxd6 33. Bxd6 Bg7 34. Qe3 gxf2+ 35. Qxf2 Qxf3 36. Be6+ Kh8 37. Bxf8
Qxf8 38. Qxf8+ Bxf8 39. Rd1 Nf4 40. Bb3 Be7 41. Rd7 Bf6 42. a4 Bd4+ 43. Rxd4
Ne2+ 44. Kf2 Nxd4 45. axb5 cxb5 46. Bd1 Kg7 47. Ke3 Nc6 48. Be2 Nxb4 49. Bxb5
Kf6 50. Kf4 g5+ 51. Kg4 Nc2 52. e5+ Kxe5 53. Kxg5 Nd4 54. Bd3 Nf3+ 55. Kh6 Nxh2
56. Bxh7 1/2-1/2

[Event "Ding Liren vs Grischuk Match"]
[Site "Wenzhou"]
[Date "2016.07.22"]
[Round "4"]
[White "Alexander, Grischuk"]
[Black "Ding, Liren"]
[Result "1/2-1/2"]
[WhiteElo "2747"]
[BlackElo "2783"]
[Annotator "ChessBase"]
[PlyCount "62"]
[EventDate "2016.??.??"]
[EventCountry "CHN"]
[SourceTitle "playchess.com"]
[Source "ChessBase"]
[TimeControl "40/5400+30:1800+30"]

1. e4 c6 2. Nc3 d5 3. Nf3 Nf6 4. e5 Ne4 5. Ne2 Qb6 6. d4 e6 7. Nfg1 f6 8. f3
Ng5 9. exf6 gxf6 10. f4 Nf7 11. Nf3 Be7 12. c4 dxc4 13. Nc3 Nd6 14. b3 cxb3 15.
axb3 O-O 16. Bd3 Rf7 17. O-O Nb5 18. Ne2 c5 19. f5 e5 20. Bxb5 Qxb5 21. dxe5
Bxf5 22. Bb2 Nc6 23. exf6 Bxf6 24. Bxf6 Rxf6 25. Nh4 Rd8 26. Qe1 Rdf8 27. Nxf5
Rxf5 28. Qg3+ Kh8 29. Qc3+ Kg8 30. Qg3+ Kh8 31. Qc3+ Kg8 1/2-1/2